Loading...
Fine Arts - Classical Music | 4 | 15.00 | 100% | 50% | 0% |
Fine Arts - Other Fine Arts | 4 | 17.50 | 100% | 50% | 25% |
Fine Arts - Visual Fine Arts | 4 | 7.50 | 75% | 0% | 0% |
Geography/Current Events | 2 | 20.00 | 100% | 100% | 0% |
History - American History | 6 | 13.33 | 100% | 33% | 0% |
History - European History | 5 | 8.00 | 80% | 0% | 0% |
History - Other History | 5 | 18.00 | 100% | 60% | 20% |
History - World History | 4 | 15.00 | 100% | 50% | 0% |
Literature - American Literature | 4 | 10.00 | 75% | 0% | 25% |
Literature - British Literature | 6 | 11.67 | 83% | 33% | 0% |
Literature - European Literature | 8 | 8.75 | 63% | 25% | 0% |
Literature - World/Other Literature | 2 | 20.00 | 100% | 50% | 50% |
Mythology | 8 | 16.25 | 100% | 50% | 13% |
Other Academic | 3 | 16.67 | 100% | 67% | 0% |
Philosophy | 2 | 10.00 | 100% | 0% | 0% |
Religion | 2 | 15.00 | 100% | 50% | 0% |
Science - Biology | 1 | 10.00 | 100% | 0% | 0% |
Science - Chemistry | 5 | 16.00 | 80% | 80% | 0% |
Science - Other Science | 8 | 17.50 | 100% | 38% | 38% |
Science - Physics | 2 | 20.00 | 100% | 50% | 50% |
Social Science | 2 | 15.00 | 100% | 50% | 0% |